Violence and the violent individual
| Contributors: | |
|---|---|
| Format: | Print Book |
| Language: | English |
| Published: |
New York
SP Medical & Scientific Books
1981
|
| In: |
Proceedings of the ... annual symposium held at the Texas Research Institute of Mental Sciences in Houston (12)
Year: 1981 |
| Availability in Tübingen: | Present in Tübingen. UB: KB 14 A 153 |
| Check availability: | HBZ Gateway |
| Subito Delivery Service: | Order now. |
| Keywords: |
MARC
| LEADER | 00000cam a22000002c 4500 | ||
|---|---|---|---|
| 001 | 1090820933 | ||
| 003 | DE-627 | ||
| 005 | 20220514123600.0 | ||
| 007 | tu | ||
| 008 | 900627s1981 xx ||||| 00| ||eng c | ||
| 035 | |a (DE-627)1090820933 | ||
| 035 | |a (DE-576)020820933 | ||
| 035 | |a (DE-599)BSZ020820933 | ||
| 035 | |a (OCoLC)252285765 | ||
| 040 | |a DE-627 |b ger |c DE-627 |e rakwb | ||
| 041 | |a eng | ||
| 245 | 0 | 0 | |a Violence and the violent individual |c ed. by J. Ray Hays ... |
| 264 | 1 | |a New York |b SP Medical & Scientific Books |c 1981 | |
| 300 | |a 446 S. |b Ill. | ||
| 336 | |a Text |b txt |2 rdacontent | ||
| 337 | |a ohne Hilfsmittel zu benutzen |b n |2 rdamedia | ||
| 338 | |a Band |b nc |2 rdacarrier | ||
| 490 | 1 | |a Proceedings of the ... annual symposium held at the Texas Research Institute of Mental Sciences in Houston |v 12 | |
| 583 | 1 | |a Archivierung prüfen |c 20200919 |f DE-640 |z 3 |2 pdager | |
| 655 | 7 | |a Konferenzschrift |0 (DE-588)1071861417 |0 (DE-627)826484824 |0 (DE-576)433375485 |2 gnd-content | |
| 700 | 1 | |a Hays, James R. |e Hrsg. |4 edt | |
| 810 | 2 | |a Texas Research Institute of Mental Sciences |g Houston, Tex. |t Proceedings of the ... annual symposium held at the Texas Research Institute of Mental Sciences in Houston |v 12 |9 12 |w (DE-627)129569283 |w (DE-576)015046125 |w (DE-600)224863-3 |7 am | |
| 951 | |a BO | ||
| ELC | |b 1 | ||
| LOK | |0 000 xxxxxcx a22 zn 4500 | ||
| LOK | |0 001 2146658347 | ||
| LOK | |0 003 DE-627 | ||
| LOK | |0 004 1090820933 | ||
| LOK | |0 005 20020606000000 | ||
| LOK | |0 008 900627||||||||||||||||ger||||||| | ||
| LOK | |0 040 |a DE-21 |c DE-627 |d DE-21 | ||
| LOK | |0 852 |a DE-21 | ||
| LOK | |0 852 1 |c KB 14 A 153 |9 00 | ||
| LOK | |0 935 |a krim | ||
| LOK | |0 936ln |a k10.10.6 | ||
| LOK | |0 939 |a 27-06-90 |b l01 | ||
| ORI | |a SA-MARC-krimdoka001.raw | ||
| SIG | |a UB: KB 14 A 153 | ||
